| 000 | 00803nam a2200217 a 4500 | ||
|---|---|---|---|
| 001 | 000017781 | ||
| 005 | 20200929165228.0 | ||
| 008 | 100331t1999 dr ac 001 0bspa d | ||
| 040 |
_aDO-SdBNP _bspa _cBNPHU |
||
| 082 |
_a923.5 _bG643c |
||
| 100 | 1 |
_aGonzález Díaz, Néstor Julio, _d1927- _934661 |
|
| 245 | 1 | 0 |
_aCuaderno de bitácora : _bfacetas de mi vida / _cNéstor Julio González Díaz. |
| 260 |
_aSanto Domingo : _bDe Colores, _c1999. |
||
| 300 |
_a197 p. : _bil., retr. ; _c24 cm. |
||
| 500 | _aIncluye datos biográficos del autor en la solapa de la cubierta. | ||
| 500 | _aIncluye glosario | ||
| 650 | 4 |
_aMarinos _xHistoria _zRepública Dominicana _916024 |
|
| 650 | 4 |
_aMarina de guerra _xHistoria _zRepública Dominicana _916023 |
|
| 910 | _aValidado. Control de calidad EMS. | ||
| 049 | _aBNPD | ||
| 999 |
_c17306 _d17306 |
||